000 01611nam a2200349 i 4500
003 EG-GICUC
005 20260509154038.0
008 260509s19961997ua |||fr|||| 00| 0 Ara d
017 _a13518/96
020 _a9771922173
040 _a EG-GICUC
_bara
_c EG-GICUC
_d EG-GICUC
_erda
041 0 _aAra
082 0 4 _221
_a343.3
_bم ح . ش
092 0 4 _221
099 _aLaw1 10 343.3 م ح . ش 1996
100 0 _aمحمد عبدالغريب
_eمؤلف.
245 1 0 _aشرح قانون الإجراءات الجنائية.
_nالجزء الثانى،
_pتنظيم القضاء الجنائى واختصاصه، التحقيق النهائى، إشكالات الانفيذ، بطلان الإجراءات، طرق الطعن فى الأحكام /
_bتأليف محمد عبدالغريب.
250 _aطبعة ثانية
_bمزيدة ومنقحة طبقاً لآخر التعديلات التشريعية والأحكام القضائية
264 3 _aالقاهرة :
_bالنسر الذهبى للطباعة،
_c1996
300 _a1015 - 2254 ؛صفحة
_c24 سم.
_bإيضاحيات، صور، مثيليات ؛
336 _2rda content
_atext
337 _2rda media
_aComputer
338 _2rda carrier
_aOnline Resource
504 _a. 240-220 ببليوجرافيا: صفحات.
546 _aالنص باللغة العربية
650 1 _aقانون الإجراءات الجنائية
_2qrmak
650 1 _aالقانون الجنائى
_2qrmak
651 1 _2qrmak
856 4 0 _uhttps://fll.law.cu.edu.eg/fulltext/bks/B10-12140.pdf
905 _a54
942 _2ddc
_cBK
_e21
_n0
999 _c76398
_d76398